Le meilleur buteur de chaque clubs du Big Six en PL chaque saison - Statistiques

Statistiques générales
  • Ce quiz a été pris 216 fois
    71 depuis la dernière actualisation
  • Le résultat moyen est 44 sur 60
Statistiques - réponses
Année Nombre de buts Club Réponse % Correct
24/25 22 Manchester City Erling Haaland
100%
23/24 27 Manchester City Erling Haaland
100%
22/23 36 Manchester City Erling Haaland
100%
22/23 30 Tottenham Harry Kane
100%
20/21 23 Tottenham Harry Kane
100%
19/20 18 Tottenham Harry Kane
100%
18/19 17 Tottenham Harry Kane
100%
17/18 30 Tottenham Harry Kane
100%
16/17 29 Tottenham Harry Kane
100%
15/16 25 Tottenham Harry Kane
100%
24/25 29 Liverpool Mohamed Salah
100%
23/24 18 Liverpool Mohamed Salah
100%
22/23 19 Liverpool Mohamed Salah
100%
21/22 23 Liverpool Mohamed Salah
100%
19/20 19 Liverpool Mohamed Salah
100%
18/19 22 Liverpool Mohamed Salah
100%
17/18 32 Liverpool Mohamed Salah
100%
20/21 22 Liverpool Mohamed Salah / Sadio Mané
100%
23/24 17 Tottenham Son Heung-min
100%
21/22 23 Tottenham Son Heung-min
100%
18/19 21 Manchester City Sergio Aguero
95%
17/18 21 Manchester City Sergio Aguero
95%
16/17 20 Manchester City Sergio Aguero
95%
15/16 24 Manchester City Sergio Aguero
95%
23/24 16 Arsenal Bukayo Saka
85%
21/22 11 Arsenal Bukayo Saka
85%
16/17 13 Liverpool Philippe Coutinho / Sadio Mané
83%
21/22 15 Manchester City Kevin De Bruyne
80%
20/21 18 Manchester United Bruno Fernandes
76%
24/25 8 Manchester United Bruno Fernandes / Amad Diallo
76%
23/24 10 Manchester United Bruno Fernandes / Rasmus Hojlund
76%
23/24 22 Chelsea Cole Palmer
73%
19/20 17 Manchester United Marcus Rashford / Anthony Martial
73%
22/23 17 Manchester United Marcus Rashford
71%
22/23 15 Arsenal Martin Odegaard / Gabriel Martinelli
71%
19/20 20 Manchester City Raheem Sterling
71%
21/22 18 Manchester United Cristiano Ronaldo
67%
15/16 16 Arsenal Olivier Giroud
67%
20/21 13 Arsenal Alexandre Lacazette
65%
17/18 14 Arsenal Alexandre Lacazette
65%
22/23 7 Chelsea Kai Havertz
64%
19/20 22 Arsenal Pierre-Emerick Aubameyang
64%
18/19 22 Arsenal Pierre-Emerick Aubameyang
64%
17/18 16 Manchester United Romelu Lukaku
62%
15/16 11 Manchester United Anthony Martial
55%
18/19 16 Chelsea Eden Hazard
55%
17/18 12 Chelsea Eden Hazard
55%
15/16 10 Liverpool Roberto Firmino
55%
16/17 17 Manchester United Zlatan Ibrahimovic
55%
16/17 20 Chelsea Diego Costa
45%
15/16 12 Chelsea Diego Costa
45%
21/22 11 Chelsea Mason Mount
38%
16/17 24 Arsenal Alexis Sanchez
36%
20/21 13 Manchester City Ilkay Gundogan
32%
18/19 13 Manchester United Paul Pogba
32%
24/25 11 Tottenham Brennan Johnson
23%
20/21 7 Chelsea Jorginho
15%
19/20 15 Chelsea Tammy Abraham
9%
24/25 15 Chelsea Cole Palmer
0%
24/25 9 Arsenal Kai Havertz
0%
Aucun quiz correspondant
Distribution des résultats
% des personnes avec chaque résultat
Percentile par nombre de réponses
Votre historique - résultats
Vous n’avez pas pris ce quiz depuis la dernière actualisation